000 00577nam a2200169 i 4500
001 54984
003 ES-MaACL
005 20250828073705.0
007 t|
008 030910s1947 sp ||||1| spa d
110 1 _aZaragoza.
_bDelegación de Distrito de Educación Nacional
_93368
245 1 3 _aLa enseñanza media
_b: nuestra visión sobre el problema /
_cDelegación de Distrito de Educación Nacional de Zaragoza.
260 _a[Zaragoza :
_bLibrería General],
_c1947.
300 _a60 p. ;
_c19 cm.
852 _aES-MaACL
_j1882-F-4
_bR.25384
999 _c54984
_d54984